Introduction to international disaster management (Record no. 1111612)

MARC details
000 -LEADER
fixed length control field 00997nam a2200289Ia 4500
003 - CONTROL NUMBER IDENTIFIER
control field OSt
005 - DATE AND TIME OF LATEST TRANSACTION
control field 20221006155810.0
008 - FIXED-LENGTH DATA ELEMENTS--GENERAL INFORMATION
fixed length control field 221006b |||||||| |||| 00| 0 eng d
020 ## - INTERNATIONAL STANDARD BOOK NUMBER
International Standard Book Number 9780123821744
-- 9.95
037 ## - SOURCE OF ACQUISITION
Terms of availability Textual
040 ## - CATALOGING SOURCE
Original cataloging agency EASL
Transcribing agency EASL
Language of cataloging eng
041 ## - LANGUAGE CODE
Source of code eng
Language code of text/sound track or separate title eng
100 ## - MAIN ENTRY--PERSONAL NAME
Personal name Coppola Doman P.
9 (RLIN) 670431
245 #0 - TITLE STATEMENT
Title Introduction to international disaster management
260 ## - PUBLICATION, DISTRIBUTION, ETC.
Place of publication, distribution, etc. Burlington
Name of publisher, distributor, etc. Butterworth-Heinemann USA
Date of publication, distribution, etc. 2011
300 ## - PHYSICAL DESCRIPTION
Extent 696p.
Dimensions cm.
650 ## - SUBJECT ADDED ENTRY--TOPICAL TERM
Topical term or geographic name entry element Emergency Management - International Cooperation
9 (RLIN) 670432
650 ## - SUBJECT ADDED ENTRY--TOPICAL TERM
Topical term or geographic name entry element Gen
650 ## - SUBJECT ADDED ENTRY--TOPICAL TERM
Topical term or geographic name entry element Hazard Mitigation
9 (RLIN) 670433
650 ## - SUBJECT ADDED ENTRY--TOPICAL TERM
Topical term or geographic name entry element Disaster relief - International Cooperation
9 (RLIN) 670434
942 ## - ADDED ENTRY ELEMENTS (KOHA)
Classification part U2894:8.1.P1, Q1
Koha item type Textual
Source of classification or shelving scheme Colon Classification (CC)
Holdings
Withdrawn status Lost status Source of classification or shelving scheme Damaged status Not for loan Home library Current library Date acquired Source of acquisition Total Checkouts Full call number Barcode Date last seen Price effective from Koha item type
    Colon Classification (CC)     Department of East Asian Studies Library Department of East Asian Studies Library 2022-10-06 167/2012-13, 15/03/2013, Pioneer Book Distributors   U2894:8.1.P1 Q1 EA1396338 2022-10-06 2022-10-06 Textual
Copyright @ Delhi University Library System